| 000 | 00490nam a2200169Ia 4500 | ||
|---|---|---|---|
| 008 | 180207s9999 xx 000 0 und d | ||
| 020 | _a9789715162371 | ||
| 050 | _bJ421 2006 | ||
| 100 | _aJay, Cee. | ||
| 245 | 4 | _aThe proud lilac lily / | |
| 245 | _cCee Jay ; illustrated by Larry A. Diolola ; colors by Llyod Guiller D. Ybera. | ||
| 260 | _aPhilippines : | ||
| 260 | _bMerryland Publishing Corporation. | ||
| 260 | _c2006 | ||
| 300 | _aunpaged : | ||
| 300 | _bcolor illustrations ; | ||
| 999 |
_c355876 _d355876 |
||